Welcome to CU Library Online Public Access Catalogue (OPAC)

Improving staffing practices in student affairs / (Record no. 2077)

MARC details
000 -LEADER
fixed length control field 01122cam a2200277 a 4500
001 - CONTROL NUMBER
control field 1637189
005 - DATE AND TIME OF LATEST TRANSACTION
control field 20241211173919.0
008 - FIXED-LENGTH DATA ELEMENTS--GENERAL INFORMATION
fixed length control field 961114s1997 caua b 001 0 eng
020 ## - INTERNATIONAL STANDARD BOOK NUMBER
International Standard Book Number 0787908517 (alk. paper)
050 00 - LIBRARY OF CONGRESS CALL NUMBER
Classification number LB2342.9
Item number W56 1997
082 00 - DEWEY DECIMAL CLASSIFICATION NUMBER
Classification number 378.1/94
Edition information 21
100 1# - MAIN ENTRY--PERSONAL NAME
Personal name Winston, Roger B.
245 10 - TITLE STATEMENT
Title Improving staffing practices in student affairs /
Statement of responsibility, etc. Roger B. Winston, Jr., Don G. Creamer.
250 ## - EDITION STATEMENT
Edition statement 1st ed.
260 ## - PUBLICATION, DISTRIBUTION, ETC.
Place of publication, distribution, etc. San Francisco :
Name of publisher, distributor, etc. Jossey-Bass Publishers,
Date of publication, distribution, etc. c1997.
300 ## - PHYSICAL DESCRIPTION
Extent xxi, 392 p. :
Other physical details ill. ;
Dimensions 24 cm.
440 #4 - SERIES STATEMENT/ADDED ENTRY--TITLE
Title The Jossey-Bass higher and adult education series
650 #0 - SUBJECT ADDED ENTRY--TOPICAL TERM
Topical term or geographic name entry element Student affairs services
Geographic subdivision United States.
650 #0 - SUBJECT ADDED ENTRY--TOPICAL TERM
Topical term or geographic name entry element Student counselors
Geographic subdivision United States.
650 #0 - SUBJECT ADDED ENTRY--TOPICAL TERM
Topical term or geographic name entry element College personnel management
Geographic subdivision United States.
700 1# - ADDED ENTRY--PERSONAL NAME
Personal name Creamer, Don G.
856 42 - ELECTRONIC LOCATION AND ACCESS
Materials specified Contributor biographical information
Uniform Resource Identifier <a href="http://www.loc.gov/catdir/bios/wiley042/96048334.html">http://www.loc.gov/catdir/bios/wiley042/96048334.html</a>
856 42 - ELECTRONIC LOCATION AND ACCESS
Materials specified Publisher description
Uniform Resource Identifier <a href="http://www.loc.gov/catdir/description/wiley034/96048334.html">http://www.loc.gov/catdir/description/wiley034/96048334.html</a>
856 4# - ELECTRONIC LOCATION AND ACCESS
Materials specified Table of Contents
Uniform Resource Identifier <a href="http://www.loc.gov/catdir/toc/onix06/96048334.html">http://www.loc.gov/catdir/toc/onix06/96048334.html</a>
942 ## - ADDED ENTRY ELEMENTS (KOHA)
Source of classification or shelving scheme Library of Congress Classification
Koha item type Books
Suppress in OPAC No
999 ## -
-- 2077
-- 2077
Holdings
Withdrawn status Lost status Source of classification or shelving scheme Damaged status Not for loan Collection Home library Current library Shelving location Date acquired Total checkouts Full call number Barcode Date last seen Copy number Price effective from Koha item type
    Library of Congress Classification     Non-fiction Undergraduate Library (Christ Temple) Undergraduate Library (Christ Temple) General stacks 12/11/2024   LB2342.9 WIN ulct00000601 12/11/2024 2 12/11/2024 Books
    Library of Congress Classification     Non-fiction Undergraduate Library (Christ Temple) Undergraduate Library (Christ Temple) General stacks 12/11/2024   LB2342.9 WIN ulct00000602 12/11/2024 3 12/11/2024 Books
© 2023-2024 Copyright: Central University Libraries. All Rights Reserved | Created by: Mahone Tech Office